000 01609nam a2200205 a 4500
008 180221t2012 sp ||||g |||| 00| 1 spa d
020 _a9788466652230
041 _aspa
092 _c808
_lKAB
_s46
100 1 _aKabus, Christine
_94126
245 6 _aEn el corazón de los fiordos.
_bUn antiguo medallón. Una fotografía. Un paisaje donde aún reverbera un secreto del pasado /
_cChristine Kabus
250 _a1a ed.
_bTraducción Ana Guelbenzu
260 _aBarcelona:
_bEdiciones B;
_c2012.
300 _a534 p.
500 _aKabus, C. (2012). En el corazón de los fiordos. Un antiguo medallón. Una fotografía. Un paisaje donde aún reverbera un secreto del pasado. (1a ed.). Barcelona : Ediciones B.
505 _aNordfjordeid, 2010. Después de la muerte de su madre, Lisa, una exitosa fotógrafa alemana, recibe un paquete de parte del notario de la familia. El mismo contiene un antiguo medallón, con la foto de una pareja en tiempos de guerra, y una carta de su madre. Esta foto amarillenta la llevará a viajar al tranquilo pueblo de Nordfjordeid, en Noruega, y será la única pista para que Lisa pueda rastrear y descubrir quienes fueron realmente sus antepasados. Lisa penetrará en la vida de los fiordos y descubrirá en ellos no solo el verdadero amor sino también el verdadero origen de su madre, lo que le permitirá esclarecer los secretos que llevan décadas dormidos en la historia de su familia, las sombras de aquel pasado que alcanzaron y llegaron a cubrir su presente.
590 _aDonacion Otero Moreno, Camilo/Marzo 2020
655 _aLiteratura
_92917
942 _2ddc
_cLIT
999 _c3073
_d3073